000
00396nam a22001217a 4500
003
SGT
082
_a
891.4309
_b
R98V
100
_a
वर्मा, सत्यम
245
_a
राजनितिक अर्थशास्त्र के मुलभूत सिद्धांत
260
_b
राहुल फॉउण्डेशन्स
_c
1998
300
_a
190
942
_2
ddc
_c
BK
999
_c
30520
_d
30520